<?xml version="1.0" encoding="UTF-8"?>
<collection xmlns="http://www.loc.gov/MARC21/slim">
 <record>
  <leader>02121nam a2200229Ia 4500</leader>
  <controlfield tag="001">CTU_228781</controlfield>
  <controlfield tag="008">210402s9999    xx            000 0 und d</controlfield>
  <datafield tag="082" ind1=" " ind2=" ">
   <subfield code="a">448.007</subfield>
  </datafield>
  <datafield tag="082" ind1=" " ind2=" ">
   <subfield code="b">H531</subfield>
  </datafield>
  <datafield tag="088" ind1=" " ind2=" ">
   <subfield code="a">60140111</subfield>
  </datafield>
  <datafield tag="100" ind1=" " ind2=" ">
   <subfield code="a">Trần, Ngọc Diễm Huỳnh</subfield>
  </datafield>
  <datafield tag="245" ind1=" " ind2="0">
   <subfield code="a">Prise de parole des élèves en 9e année du collège Luong The Vinh dans les jeux de rôle en classe de FLE: Problèmes posés dans la pratique de l’oral :</subfield>
  </datafield>
  <datafield tag="245" ind1=" " ind2="0">
   <subfield code="b">Memoire de master en sciences de l'éducation. Spécialité: Didactique et méthodologie du francais langue étrangère</subfield>
  </datafield>
  <datafield tag="245" ind1=" " ind2="0">
   <subfield code="c">Trần Ngọc Diễm Huỳnh ; Nguyễn Thắng Cảnh (Cán bộ hướng dẫn)</subfield>
  </datafield>
  <datafield tag="260" ind1=" " ind2=" ">
   <subfield code="a">Cần Thơ</subfield>
  </datafield>
  <datafield tag="260" ind1=" " ind2=" ">
   <subfield code="b">Trường Đại học Cần Thơ</subfield>
  </datafield>
  <datafield tag="260" ind1=" " ind2=" ">
   <subfield code="c">2018</subfield>
  </datafield>
  <datafield tag="520" ind1=" " ind2=" ">
   <subfield code="a">Dans l’espoir d’expliciter les idées exploitées dans notre champ de recherche, l’architecture de notre travail se subdivise en trois chapitres :  Le premier chapitre porte sur le cadre théorique de notre recherche. D’abord, nous exposerons les définitions l’oral dans l’enseignement du FLE. Dans cette partie, nous évoquerons les aspects spécifiques de la pratique de l’oral et les compétences de l’oral dans la classe de FLE. Le deuxième chapitre sera consacré à l’analyse des corpus. En effet, nos corpus sont constitués des questionnaires et des enregistrements vidéo. Cette partie vise à examiner les difficultés auxquelles les élèves sont confrontées au cours de la pratique de l’oral en classe de FLE. Le troisième chapitre sera destiné aux propositions didactiques et aux grandes lignes des perspectives de recherche. Effectivement, cette partie a pour fonction de lancer des solutions et des suggestions pour remédier à des difficultés de communication des élèves et les encourager à s’engager de façon efficace dans leur production orale en classe.</subfield>
  </datafield>
  <datafield tag="650" ind1=" " ind2=" ">
   <subfield code="a">French language,Tiếng Pháp</subfield>
  </datafield>
  <datafield tag="650" ind1=" " ind2=" ">
   <subfield code="x">Study and teaching,Dạy và học</subfield>
  </datafield>
  <datafield tag="910" ind1=" " ind2=" ">
   <subfield code="b">nthai</subfield>
  </datafield>
  <datafield tag="980" ind1=" " ind2=" ">
   <subfield code="a">Trung tâm Học liệu Trường Đại học Cần Thơ</subfield>
  </datafield>
 </record>
</collection>
